Southville International School and Colleges
Your cart is empty.
  • Cart
  • Lists
    Public lists Eva Luna New books Lux_list list_1
    Your lists Log in to create your own lists
  • Log in to your account
  • Your cookies
  • Search history
Southville International School and Colleges
  • Advanced search
  • Recent comments
  • Most popular
  • Libraries

Log in to your account

Log in with GOOGLE


If you do not have an external account, but do have a local account, you can still log in:

  1. Home
  2. MARC view: Ghost stories /
Normal view MARC view ISBD view

Ghost stories / (Record no. 12438)

[ view plain ]
MARC details
000 -LEADER
fixed length control field 00532nam a22001937a 4500
003 - CONTROL NUMBER IDENTIFIER
control field OSt
005 - DATE AND TIME OF LATEST TRANSACTION
control field 20140310182354.0
008 - FIXED-LENGTH DATA ELEMENTS--GENERAL INFORMATION
fixed length control field 131001t xxu||||| |||| 00| 0 eng d
020 ## - INTERNATIONAL STANDARD BOOK NUMBER
International Standard Book Number 9781565658936
050 ## - LIBRARY OF CONGRESS CALL NUMBER
Classification number PZ 1
Item number .G346 1998
082 ## - DEWEY DECIMAL CLASSIFICATION NUMBER
Classification number GS 808.83
Item number C56 1998
245 ## - TITLE STATEMENT
Title Ghost stories /
Statement of responsibility, etc Compiled by Glen Bledsoe, Karen Bledsoe.
260 ## - PUBLICATION, DISTRIBUTION, ETC. (IMPRINT)
Place of publication, distribution, etc Chicago :
Name of publisher, distributor, etc Contemporary Books,
Date of publication, distribution, etc c1998.
300 ## - PHYSICAL DESCRIPTION
Extent 128 p. :
Other physical details ill, ;
Dimensions 23 cm.
541 ## - IMMEDIATE SOURCE OF ACQUISITION NOTE
-- 1
562 ## - COPY AND VERSION IDENTIFICATION NOTE
Number of copies 1
650 ## - SUBJECT ADDED ENTRY--TOPICAL TERM
Topical term or geographic name as entry element Fiction.
9 (RLIN) 746
942 ## - ADDED ENTRY ELEMENTS (KOHA)
Source of classification or shelving scheme Library of Congress Classification
Koha item type
Holdings
Withdrawn status Lost status Source of classification or shelving scheme Damaged status Home library Current library Shelving location Date acquired Total Checkouts Full call number Barcode Date last seen Copy number Price effective from Koha item type
    Library of Congress Classification   Luxembourg Library Luxembourg Library Grade School Section 10/01/2013   PZ 1 .G346 1998 7915 02/09/2015 1 10/01/2013 Books

Ghost stories /

APA

(1998). Ghost stories. Chicago: Contemporary Books.

Chicago

1998. Ghost stories. Chicago: Contemporary Books.

Harvard

(1998). Ghost stories. Chicago: Contemporary Books.

MLA

Ghost stories. Chicago: Contemporary Books. 1998.

  • Place hold
  • Print
  • Cite
  • Add to your cart (remove)
  • Save record
    BIBTEX Dublin Core MARCXML MARC (non-Unicode/MARC-8) MARC (Unicode/UTF-8) MARC (Unicode/UTF-8, Standard) MODS (XML) RIS
  • More searches
    Search for this title in:
    Other Libraries (WorldCat) Other Databases (Google Scholar) Online Stores (Bookfinder.com) Open Library (openlibrary.org)

Exporting to Dublin Core...

SOUTHVILLE LIBRARY

Southville International School and Colleges Library

1281 Tropical Ave. Cor. Luxembourg St., BF Homes International, Las Pinas City

Tel. No. 8256374 / 252358 Loc. 117/146

Powered by Koha